000 00565nam a22002177a 4500
003 OSt
005 20140310182930.0
008 130131t xxu||||| |||| 00| 0 eng d
020 _a9789715847186
050 _aB 52
_bT583 2008
082 _aFIL 128
_bT583 2008
245 _aSariling wika at pilosopiyang Filipino
_cFlorentino T. Timbreza
260 _aManila
_bC & E Publishing
_c2008
300 _axii, 327 p.
_c22 cm
521 _aCollege
526 _c1210L-1700L
541 _j1
541 _j2
562 _e2
942 _2lcc
_cBK
_kFIL
999 _c17517
_d17517